Science Quiz

Random Science or Math Quiz
Score 0/20 Timer 06:00
0 Plays Today
Definition Term % Correct
For a triangle, it's one-half base times height; for a square it is a side squaredArea
94.6%
A line segment that goes from one point on a circle to another, through its centerDiameter
88.7%
Term for any angle between 90 and 180 degreesObtuse
81.9%
The longest side, which is opposite the 90° angle, in a right triangleHypotenuse
80.3%
Line or segment which splits another segment or angle into two equal partsBisector
76.9%
A quadrilateral with four equal sides and perpendicular diagonalsRhombus
76%
A triangle that has (at least) two equal or congruent sidesIsosceles
74.8%
The distance around a plane figure or the sum of all of the sides of a polygonPerimeter
71.7%
The corner point of a polygon or where the two segments of an angle meetVertex
70.1%
A figure with nine sides and nine internal anglesNonagon
65.4%
Definition Term % Correct
One of 4 regions on the Cartesian plane as determined by the axesQuadrant
64.5%
A pair of angles that together add up to 90 degreesComplementary
58.4%
A quadrilateral in which a pair of opposite sides are parallel to each otherTrapezoid
55.4%
A pair of angles that together add up to 180 degreesSupplementary
47.9%
A quadrilateral with two sets of congruent, adjacent sidesKite
42.1%
An angle of a polygon created by extending one of the sides Exterior angle
38.6%
Line segment connecting a vertex of a triangle with the midpoint of the opposite sideMedian
28.9%
A self-similar figure, such as the Mandelbrot setFractal
28.3%
A set of all points that have the same positional constraintLocus
19.9%
An arc or full circle on a sphere that shares its center with a sphereGreat Circle
15.5%
Remove Ads.
Support Sporcle.
Get the best of Sporcle when you Go Orange. This ad-free experience offers more features, more stats, and more fun while also helping to support Sporcle. Thank you for becoming a member.

You're not logged in!

Compare scores with friends on all Sporcle quizzes.
OR
Log In

Show Comments

Extras

Top Quizzes Today


Score Distribution

Your Account Isn't Verified!

In order to create a playlist on Sporcle, you need to verify the email address you used during registration. Go to your Sporcle Settings to finish the process.

Report this User

Report this user for behavior that violates our Community Guidelines.

Details: